Právne a ekonomické aspekty spotrebnej dane z vína v Európskej únii diplomová práca

Saved in:
Bibliographic Details
Main Author: Janešíková, Daniela
Corporate Author: Národohospodárska fakulta EU. Katedra financií
Other Authors: Velichová, Ľudmila
Format: Book
Language:Slovak
Published: Bratislava 2013
Tags: Add Tag
No Tags, Be the first to tag this record!

MARC

LEADER 00000nbm a2200000 4500
001 0170525
005 20161109102352.2
041 0 |a slo 
044 |a SK 
245 1 0 |a Právne a ekonomické aspekty spotrebnej dane z vína v Európskej únii  |b diplomová práca  |c Daniela Janešíková ; školiteľ: Ľudmila Velichová 
264 1 |a Bratislava  |c 2013 
300 |a 70 s. 
100 1 |a Janešíková, Daniela 
700 1 |a Velichová, Ľudmila 
710 2 |a Národohospodárska fakulta EU. Katedra financií